Central Library OPAC University of Rajshahi

Red revolutionary : (Record no. 27645)

MARC details
000 -LEADER
fixed length control field 00834nam a22002651 4500
001 - CONTROL NUMBER
control field 27645
003 - CONTROL NUMBER IDENTIFIER
rucl marc code BD-RjUL
005 - DATE AND TIME OF LATEST TRANSACTION
control field 20211209051201.0
008 - FIXED-LENGTH DATA ELEMENTS--GENERAL INFORMATION
fixed length control field 140325s1968 enka j b 001 0beng
035 ## - SYSTEM CONTROL NUMBER
System control number (BD-RjUL)27724
040 ## - CATALOGING SOURCE
Original cataloging agency DLC
Transcribing agency DLC
Modifying agency DLC
-- BD-RjUL
Language of cataloging eng
041 ## - LANGUAGE CODE
Language code of text/sound track or separate title eng
082 00 - DEWEY DECIMAL CLASSIFICATION NUMBER
Classification number 947.084110
Author mark and year CHR 1968
100 1# - MAIN ENTRY--PERSONAL NAME
Personal name Charnock, Joan (Thomson).
9 (RLIN) 84906
245 10 - TITLE STATEMENT
Title Red revolutionary :
Remainder of title the life of Lenin, a story biography /
Statement of responsibility, etc. by Joan Charnock; illustrated by Clyde Pearson.
260 ## - PUBLICATION, DISTRIBUTION, ETC. (IMPRINT)
Place of publication, distribution, etc. London :
Name of publisher, distributor, etc. Methuen,
Date of publication, distribution, etc. c1968.
300 ## - PHYSICAL DESCRIPTION
Pagination 159 p. :
Illustrations illus. ;
Size 20 cm.
490 0# - SERIES STATEMENT
Series statement A Story biography
504 ## - BIBLIOGRAPHY, ETC. NOTE
Bibliography, etc Bibliography: p. 153.
Bibliography, etc Includes Index.
600 10 - SUBJECT ADDED ENTRY--PERSONAL NAME
Personal name Lenin, Vladimir Ilʹich,
Dates associated with a name 1870-1924
General subdivision Juvenile literature.
942 ## - ADDED ENTRY ELEMENTS (KOHA)
Source of classification or shelving scheme Dewey Decimal Classification
Koha item type Books
Holdings
Lost status Source of classification or shelving scheme Damaged status Not for loan Collection code Permanent Location Current Location Shelving location Date acquired Source of acquisition Cost, normal purchase price Total Checkouts Full call number Date last seen Copy number Koha item type
  Dewey Decimal Classification   Added to bundle Non-fiction Central Library, University of Rajshahi Central Library, University of Rajshahi Reading Room 05/08/1972 Book Center 17.60   947.084110 CHR 1968 25/03/2014 C-1 Books